| 000 | 00501nam a2200181Ia 4500 | ||
|---|---|---|---|
| 005 | 20250923144330.0 | ||
| 008 | 008 250917s9999 xx 000 0 eng d | ||
| 037 | _aTextual | ||
| 040 |
_aDSWL _beng _cDSWL |
||
| 041 |
_aeng _2eng |
||
| 084 |
_aV3:2:N4, H8 _qDSWL |
||
| 100 |
_aGordon, S. _9823757 |
||
| 245 | 0 |
_aOur Parliament _cby S. Gordon |
|
| 260 |
_aLondon _bHausard Society _c1948 |
||
| 300 | _a181 p. | ||
| 942 |
_cTEXL _hV3:2:N4, H8 |
||
| 999 |
_c1437544 _d1437544 |
||